Finis le titre de la chanson #18 - Statistiques

Statistiques générales
  • Ce quiz a été pris 185 fois
  • Le résultat moyen est 11 sur 30
Statistiques - réponses
Artistes Chanson Réponse % Correct
Calvin Harris, Rihanna "We Found..." Love
84%
Amy Winehouse "Back To..." Black
82%
Artemas "i like the way you kiss..." Me
82%
Marie Myriam "L'oiseau et l'..." Enfant
76%
Nina Simone "I Put A Spell On..." You
61%
Noir Désir "Le vent nous..." Portera
60%
Justin Timberlake "Rock Your..." Body
54%
Estelle, Kanye West "American..." Boy
54%
Lady Gaga, Colby O'Donis "Just..." Dance
52%
Jermaine Jackson, Pia Zadora "When the Rain Begins to..." Fall
52%
Benson Boone "Beautiful..." Things
48%
Cutting Crew "(I Just) Died in Your..." Arms
42%
Daft Punk "Veridis..." Quo
39%
James Brown "I Got..." You
34%
Kendrick Lamar, SZA "All The..." Stars
32%
The Beach Boys "Surfin'..." U.S.A.
29%
Chris Anderson, DJ Robbie "Last..." Night
28%
Dua Lipa "Training..." Season
27%
Pierre Garnier "Chaque..." Seconde
25%
UB40 "Red Red..." Wine
23%
Cris Cab "Liar..." Liar
21%
Mike Oldfield "Moonlight..." Shadow
18%
Starsailor "Four to the..." Floor
15%
SNAP! "Rhythm Is A..." Dancer
13%
The Alan Parsons Project "Eye In The..." Sky
12%
Playboi Carti "Long..." Time
9%
Fatboy Slim, Bootsy Collins "Weapon Of..." Choice
4%
Inna, J Balvin "Cola..." Song
4%
Jok'air, ARON, Linema "Big..." Drip
2%
The Prodigy "The Day Is My..." Enemy
2%
Aucun quiz correspondant
Distribution des résultats
% des personnes avec chaque résultat
Percentile par nombre de réponses
Votre historique - résultats
Vous n’avez pas pris ce quiz